000 00484nam a2200157Ia 4500
008 240729s9999 xx 000 0 und d
022 _a2449-8289
245 0 _aStudia Iuridica Lublinensia
260 _aPoland
260 _bMaria Curie-Skłodowska University
650 _a Political institutions and public administration (General)
650 _aLaw | Political science
856 _uhttps://doaj.org/toc/0027869f93784a75b4c57b7e849b2a4f
942 _2ddc
942 _cDOAJEJ
999 _c69761
_d69761
945 _a1
_bMadushi Gamage
_c1
_dMadushi Gamage